Le Népal pour les touristes... - Facile - Statistiques

Statistiques générales
  • Ce quiz a été pris 5 fois
  • Le résultat moyen est 5 sur 20
Statistiques - réponses
Question Indice Réponses Indice facile % Correct
Code sur les plaques minéralogiques NEP
100%
Quelle est la langue officielle ? Népalais
100%
Quelles sont les principaux lieux touristiques ? K {Katmandou} DOUMANKTA
60%
Combien d'heures (environ) mettrez-vous pour vous y rendre ? (en chiffres) 13
40%
Le suffixe internet est np
40%
Quelles sont les principaux lieux touristiques ? A Massif des {Annapurnas} RAUNPANNSA
40%
Achats à faire 3/ Bols bavards Chantants TASNTACHN
20%
La religion majoritaire est Hindouïsme H
20%
Quel est le régime du pays ? R F République fédérale
20%
Quel est le climat local ? S Subtropical
20%
Comment se nomme la principale compagnie aérienne locale Y A Yeti Airlines SNAIILETREIY
20%
Dans la capitale quel est le décalage horaire avec Paris ? (+ ou - et chiffre) ex - 10 ou + 3,5 + 3,75
0%
Achats à faire 1/ Couteau traditionnel Khukhuri KHHURIKU
0%
Le principal aéroport est L Lukla
0%
Quelles sont les principaux lieux touristiques ? N {Nagarkot} RANTOGKA
0%
Quelles sont les principaux lieux touristiques ? L Parc national de {Langtang} NGNTLAGA
0%
Quelles sont les principaux lieux touristiques ? P {Pokhara} et sa vallée OPAHRAK
0%
Achats à faire 4/ Moulins à Prières PIERRES
0%
Quelle est la monnaie ? Roupie népalaise R
0%
Achats à faire 2/ Instrument de musique Sarangi SANGRIA
0%
Aucun quiz correspondant
Distribution des résultats
% des personnes avec chaque résultat
Percentile par nombre de réponses
Votre historique - résultats
Vous n’avez pas pris ce quiz